00408nam a2200157Ia 4500001000500000005001700005008004100022041000800063082001600071100003000087245007500117260000900192300003300201650000800234654000800242928720260306161707.0260306t2002||||xx |||||||||||||| ||spa|| aESP a378.07bP66 aPlantinga, CorneliuseAUT 0aEngaging God's world:ba reformed vision of faith, learning and living c2002 axix, 241 páginas :c23 cm. aGEN aCED